000 00411nam a22001697a 4500
005 20250104192830.0
008 250104b |||||||| |||| 00| 0 eng d
020 _a978103503444
041 _aEng
082 _a823 KAW
100 _aKawaguchi, Toshikazu
245 _aBefore We Say Goodbye
260 _aTokyo
_bPicador
_c2015
300 _a175;. P.
650 _aFiction; Time-Travel Fiction
942 _cBK
999 _c43192
_d43192